| 000 | 00000nam 2200000zi 4500 |
| 001 | 9.937139 |
| 003 | CaOODSP |
| 005 | 20240612102825 |
| 006 | m o d f |
| 007 | cr |n||||||||| |
| 008 | 240419e202307##onc ob f|0| 0 fre d |
| 040 | |aCaOODSP|bfre|erda|cCaOODSP |
| 043 | |an-cn--- |
| 086 | 1 |aRv55-8/19-9-1-2023F-PDF |
| 245 | 02|aL’application des lois et règlements de Santé Canada liés à certaines marchandises contrôlées, interdites ou réglementées. |
| 264 | 1|aOttawa : |bAgence des services frontaliers du Canada, |cjuillet 2023. |
| 300 | |a1 ressource en ligne (17 pages non numérotées). |
| 336 | |atexte|btxt|2rdacontent/fre |
| 337 | |ainformatique|bc|2rdamedia/fre |
| 338 | |aressource en ligne|bcr|2rdacarrier/fre |
| 490 | 1 |aMémorandum, |x2369-2405 ; |vD19-9-1 |
| 500 | |aPublié aussi en anglais sous le titre : The administration of Health Canada acts and regulations relating to certain controlled, prohibited or regulated goods. |
| 500 | |a« Mémorandum(s) précédent(s), D19 9 1, 24 janvier 2017. » |
| 504 | |aComprend des références bibliographiques (page [16]). |
| 650 | 6|aMédicaments|xDroit|zCanada. |
| 650 | 6|aProduits de santé|xDroit|zCanada. |
| 650 | 6|aImportations|xDroit|zCanada. |
| 710 | 2 |aAgence des services frontaliers du Canada, |eorganisme de publication. |
| 775 | 08|tThe administration of Health Canada acts and regulations relating to certain controlled, prohibited or regulated goods.|w(CaOODSP)9.937130 |
| 830 | #0|aMémorandum (Agence des services frontaliers du Canada)|vD19-9-1.|w(CaOODSP)9.816826 |
| 856 | 40|qPDF|s761 Ko|uhttps://publications.gc.ca/collections/collection_2024/asfc-cbsa/Rv55-8-19-9-1-2023-fra.pdf |
| 856 | 4 |qHTML|sS.O.|uhttps://www.cbsa-asfc.gc.ca/publications/dm-md/d19/d19-9-1-fra.html |